La intervención sistémica en los servicios sociales ante la familia: la experiencia de Ciutat Vella

Gardado en:
Detalles Bibliográficos
Autor Principal: Coletti, Maurizio (Author)
Outros autores: Linares, Juan Luis (autor)
Formato: Libro
Idioma:Lingua castelá
Publicado: Barcelona Paidós 1997
Series:Colección Terapia Familiar, 72
Subjects:
Tags: Engadir etiqueta
Sen Etiquetas, Sexa o primeiro en etiquetar este rexistro!

MARC

LEADER 00000nam a2200000 a 4500
001 UCP4745
003 CL-VaPUC
008 990813e19970000SP |||||||||||||||||spa|d
020 |a 8449304385 
082 0 4 |a 362.82  |b COL  |2 21 
100 0 |a Coletti, Maurizio  |e author  |9 432597 
700 |a Linares, Juan Luis  |e autor  |9 467182 
245 1 3 |a La intervención sistémica en los servicios sociales ante la familia: la experiencia de Ciutat Vella 
300 |a 317 p 
942 |c BK 
945 |d 19990813 00:00:00  |a rbrito 
260 |a Barcelona  |b Paidós  |c 1997 
650 0 |a Familias   |9 255641 
650 0 |a Psicoterapia familiar  |9 310747 
650 0 |a Terapia  |9 334442 
650 0 |a Trabajo social   |9 307856 
583 |a last modification  |c 19990813 00:00:00  |k Rodrigo Vera 
490 0 |a Colección Terapia Familiar, 72 
999 |c 282644  |d 282642 
952 |0 0  |1 0  |4 0  |6 362_820000000000000_COL_1997  |7 0  |8 A  |9 324696  |a BIBEDU  |b BIBEDU  |d 2019-11-20  |i 3535363  |o 362.82 COL 1997  |p 3535363  |r 2019-11-20  |w 2019-11-20  |y BK  |k PSI 
952 |0 0  |1 0  |4 0  |6 362_820000000000000_COL_1997  |7 0  |8 A  |9 324697  |a BIBEDU  |b BIBEDU  |d 2019-11-20  |i 3564320  |l 1  |m 2  |o 362.82 COL 1997  |p 3564320  |r 2023-05-16  |s 2023-04-20  |w 2019-11-20  |y BK  |k PSI 
952 |0 0  |1 0  |4 0  |6 362_820000000000000_COL_1997  |7 0  |8 A  |9 324698  |a BIBEDU  |b BIBEDU  |d 2019-11-20  |i 4262395  |o 362.82 COL 1997  |p 4262395  |r 2019-11-20  |w 2019-11-20  |y BK  |k PSI